| 000 | 00924cam a2200349 4500500 | ||
|---|---|---|---|
| 005 | 20260405003503.0 | ||
| 041 | _afre | ||
| 042 | _adc | ||
| 100 | 1 | 0 |
_aEnjalbert, Cédric _eauthor |
| 245 | 0 | 0 | _aPeut-on encore gagner une guerre ? |
| 260 | _c2022. | ||
| 500 | _a49 | ||
| 690 | _aCarl Schmitt | ||
| 690 | _aÉchec | ||
| 690 | _aÉlie Baranets | ||
| 690 | _aGéopolitique | ||
| 690 | _aGuerre | ||
| 690 | _aJean-Vincent Holeindre | ||
| 690 | _aNinon Grangé | ||
| 690 | _aPaix | ||
| 690 | _aPoutine | ||
| 690 | _aPuissance | ||
| 690 | _aRussie | ||
| 690 | _astratégie | ||
| 690 | _aTactique | ||
| 690 | _aTemps | ||
| 690 | _aUkraine | ||
| 690 | _aVictoire | ||
| 690 | _aVolodymyr Zelensky | ||
| 786 | 0 | _nPhilosophie magazine | 158 | 4 | 2022-04-01 | p. 33-33 | 1951-1787 | |
| 856 | 4 | 1 | _uhttps://shs.cairn.info/magazine-philosophie-magazine-2022-4-page-33?lang=fr&redirect-ssocas=7080 |
| 999 |
_c2068032 _d2068032 |
||